000 00515cam a2200205ua 4500
020 _c155.00
041 _aeng
_h
082 _a631.4012
_bBUO/SO
100 _aBuol, S W .
245 _aSoil genesis and classification /
_cS W Buol.
_hTextual Documents
250 _a2 /
_b.
260 _aNew Delhi :
_bOxford & IBH Publishing company ,
_c1980.
300 _a404 ; .
365 _a155.00
504 _a
700 1 _aHole, F D .
700 1 _aMccracken, .
942 _cBK
999 _c2692
_d2692